000 00579nam a2200229Ia 4500
003 OSt
005 20221005115916.0
006 a|||||r|||| 00| 0
007 ta
008 221004b |||||||| |||| 00| 0 eng d
024 _a30245
037 _cTextual
040 _aCRL
_cCRL
_beng
041 _2eng
_aeng
082 _aM1, G7
100 _aPlenderleith H J
_951575
245 0 _aConservation of prints, drawings, and manuscripts
260 _c1937
650 _aINDUSTRIAL ARTS
942 _hM1, G7
_cTEXL
_2cc
999 _c1036289
_d1036289